| 000 | 01014cam a2200229 a 4500 | ||
|---|---|---|---|
| 001 | 1638115 | ||
| 003 | NUST | ||
| 005 | 20221123112502.0 | ||
| 008 | 961203m19979999inua 000 0 eng | ||
| 010 | _a 96072184 | ||
| 020 | _a0790610914 | ||
| 040 |
_aDLC _cDLC _dDLC |
||
| 082 | 0 | 0 | _a621.381045,MAR |
| 100 | 1 |
_aMartin, Vaughn, _d1946- _9103406 |
|
| 245 | 1 | 0 |
_aOptoelectronics Vol.1 / _cVaughn D. Martin. |
| 260 |
_aIndianapolis, IN : _bPrompt Publications, _cc1997-<c1998>. |
||
| 300 |
_av. <1-3> : _bill. ; _c28 cm. |
||
| 505 | _aOptoelectronic terminology and concepts (Page-7), Optoelectronic semiconductor phenomena (Page-23), Measuring testing Optoelectronic devices (Page-45), Visible light emitting sources (Page-67), Photocells, Photodiodes and Photomultipliers (Page-137), Color display systems (Page-167), LED secondary optics (Page-181), Basic optical math and concepts of optics (Page-203), | ||
| 650 | 0 |
_aOptoelectronic devices. _941550 |
|
| 650 | 0 |
_aOptoelectronics. _955912 |
|
| 942 |
_2ddc _cBK |
||
| 999 |
_c592465 _d592465 |
||